Staff termination prediction using GenAI / (Record no. 234561)
[ view plain ]
| 000 -LEADER | |
|---|---|
| fixed length control field | 00562nam a22001697a 4500 |
| 003 - CONTROL NUMBER IDENTIFIER | |
| control field | OSt |
| 005 - DATE AND TIME OF LATEST TRANSACTION | |
| control field | 20250710103658.0 |
| 008 - FIXED-LENGTH DATA ELEMENTS--GENERAL INFORMATION | |
| fixed length control field | 250628b |||||||| |||| 00| 0 eng d |
| 040 ## - CATALOGING SOURCE | |
| Transcribing agency | AIMIT LIBRARY |
| 100 ## - MAIN ENTRY--PERSONAL NAME | |
| Personal name | Veronica, DSouza Reiona Rosario. |
| 9 (RLIN) | 216492 |
| 245 ## - TITLE STATEMENT | |
| Title | Staff termination prediction using GenAI / |
| Statement of responsibility, etc. | By DSouza Reiona Rosario Veronica. |
| 260 ## - PUBLICATION, DISTRIBUTION, ETC. | |
| Place of publication, distribution, etc. | Mangalore ; |
| Date of publication, distribution, etc. | 2024. |
| 700 ## - ADDED ENTRY--PERSONAL NAME | |
| Personal name | N, Hemalatha. |
| Relator term | Mentor |
| 9 (RLIN) | 216493 |
| 700 ## - ADDED ENTRY--PERSONAL NAME | |
| Personal name | Rai, Bhavya. |
| Relator term | Guide |
| 9 (RLIN) | 216494 |
| 856 ## - ELECTRONIC LOCATION AND ACCESS | |
| Materials specified | MResult Technologies Private Limited. |
| Uniform Resource Identifier | <a href="https://mresult.com">https://mresult.com</a> |
| 942 ## - ADDED ENTRY ELEMENTS (KOHA) | |
| Source of classification or shelving scheme | Dewey Decimal Classification |
| Koha item type | Project Report |
| Withdrawn status | Lost status | Source of classification or shelving scheme | Damaged status | Not for loan | Collection code | Home library | Current library | Date acquired | Total Checkouts | Barcode | Date last seen | Copy number | Uniform Resource Identifier | Price effective from | Koha item type |
|---|---|---|---|---|---|---|---|---|---|---|---|---|---|---|---|
| Dewey Decimal Classification | Not for loan | Project Report M.Sc. Data Science | St Aloysius Institute of Management & Information Technology | St Aloysius Institute of Management & Information Technology | 08/01/2024 | PDS00006 | 06/28/2025 | 222106 | https://mresult.com | 06/28/2025 | Project Report |